Normal view
MARC view
- C (Computer programming languages)
Entry Topical Term
001 - CONTROL NUMBER
- control field: 100068
003 - CONTROL NUMBER IDENTIFIER
- control field: NUST
005 - DATE AND TIME OF LATEST TRANSACTION
- control field: 20221012181434.0
008 - FIXED-LENGTH DATA ELEMENTS
- fixed length control field: 221012|| aca||aabn | a|a d
040 ## - CATALOGING SOURCE
- Original cataloging agency: NUST
- Transcribing agency: NUST
150 ## - HEADING--TOPICAL TERM
- Topical term or geographic name entry element: C (Computer programming languages)
670 ## - SOURCE DATA FOUND
- Source citation: Work cat.: (NUST)193404: Holub, Allen I. 100066, Compiler design in C /, c.1990
